|
|
|
|
| LEADER |
00785cas a2200181 a 4500 |
| 001 |
AALejournalResearch4Life002221 |
| 008 |
240902c9999 xx r poo 0 0eng d |
| 022 |
|
|
|a 17486831
|
| 022 |
|
|
|a 1748684x
|
| 040 |
|
|
|a BD-DhAAL
|c BD-DhAAL
|
| 245 |
0 |
0 |
|h [electronic resource]
|a Journal of Comparative Social Welfare
|
| 260 |
|
|
|b Cambridge University Press
|
| 300 |
|
|
|a 1 online resource
|
| 362 |
0 |
|
|a v. 22:01 (2006) - v. 28:03 (2012)
|
| 500 |
|
|
|a <strong>On-Campus Access Only (IP based access)</strong>
|
| 506 |
|
|
|a Electronic access restricted to authorized BRAC University faculty, staff and students
|
| 538 |
|
|
|a Mode of access: Internet
|
| 856 |
4 |
0 |
|z Full text available on Research4Life (HINARI,AGORA,OARE,ARDI & GOALI)
|u https://login.research4life.org/tacsgr0www_tandfonline_com/loi/rjcs20
|